MARC details
| 000 -CABECERA |
| campo de control de longitud fija |
01205nam a2200313 a 4500 |
| 001 - NÚMERO DE CONTROL |
| campo de control |
000013439 |
| 003 - IDENTIFICADOR DEL NÚMERO DE CONTROL |
| campo de control |
BNPHU |
| 005 - FECHA Y HORA DE LA ÚLTIMA TRANSACCIÓN |
| campo de control |
20260326131827.0 |
| 008 - DATOS DE LONGITUD FIJA--INFORMACIÓN GENERAL |
| campo de control de longitud fija |
091124s1994 dr ac 000 0 spa d |
| 040 ## - FUENTE DE LA CATALOGACIÓN |
| Centro catalogador/agencia de origen |
DO-SdBNP |
| Lengua de catalogación |
spa |
| Centro/agencia transcriptor |
BNPHU |
| 049 ## - FONDOS LOCALES (OCLC) |
| Fondos de biblioteca |
BNPD |
| 082 ## - NÚMERO DE LA CLASIFICACIÓN DECIMAL DEWEY |
| Número de clasificación |
332.673227293 |
| Número de documento/Ítem |
B458t, 1994 |
| 100 1# - ENTRADA PRINCIPAL--NOMBRE DE PERSONA |
| Nombre de persona |
Bendek, Frank, |
| Fechas asociadas al nombre |
1946- |
| 9 (RLIN) |
7303 |
| 245 10 - MENCIÓN DE TÍTULO |
| Título |
Todo lo que usted debe saber para invertir en la República Dominicana / |
| Mención de responsabilidad, etc. |
Frank Bendek. |
| 250 ## - MENCIÓN DE EDICIÓN |
| Mención de edición |
2ª ed. |
| 260 ## - PUBLICACIÓN, DISTRIBUCIÓN, ETC. |
| Lugar de publicación, distribución, etc. |
Santo Domingo : |
| Nombre del editor, distribuidor, etc. |
Corripio, |
| Fecha de publicación, distribución, etc. |
1994. |
| 300 ## - DESCRIPCIÓN FÍSICA |
| Extensión |
xxviii, 798 p. : |
| Otras características físicas |
il, gráfcs.,retr. ; |
| Dimensiones |
22 cm. |
| 500 ## - NOTA GENERAL |
| Nota general |
Incluye datos biográficos del autor. |
| 504 ## - NOTA DE BIBLIOGRAFÍA, ETC. |
| Nota de bibliografía, etc. |
Bibliografía: p. 797-798 |
| 590 ## - NOTA LOCAL (RLIN) |
| Nota local |
Inventariado, 2018/MFF |
| 650 #7 - PUNTO DE ACCESO ADICIONAL DE MATERIA--TÉRMINO DE MATERIA |
| Término de materia o nombre geográfico como elemento de entrada |
Inversiones extranjeras |
| Subdivisión general |
Leyes y legislación |
| Subdivisión geográfica |
República Dominicana |
| 9 (RLIN) |
48296 |
| Fuente del encabezamiento o término |
LIBRUNAM |
| 650 #0 - PUNTO DE ACCESO ADICIONAL DE MATERIA--TÉRMINO DE MATERIA |
| Término de materia o nombre geográfico como elemento de entrada |
Sociedades anónimas |
| Subdivisión general |
Leyes y legislación |
| Subdivisión geográfica |
República Dominicana |
| 9 (RLIN) |
30698 |
| Fuente del encabezamiento o término |
LIBRUNAM |
| 650 #0 - PUNTO DE ACCESO ADICIONAL DE MATERIA--TÉRMINO DE MATERIA |
| Término de materia o nombre geográfico como elemento de entrada |
Letras de cambio |
| Subdivisión geográfica |
República Dominicana |
| 9 (RLIN) |
56873 |
| 650 #0 - PUNTO DE ACCESO ADICIONAL DE MATERIA--TÉRMINO DE MATERIA |
| Término de materia o nombre geográfico como elemento de entrada |
Bolsa de valores |
| Subdivisión geográfica |
República Dominicana |
| 9 (RLIN) |
56872 |
| 650 #4 - PUNTO DE ACCESO ADICIONAL DE MATERIA--TÉRMINO DE MATERIA |
| Término de materia o nombre geográfico como elemento de entrada |
Legislación laboral |
| 9 (RLIN) |
16517 |
| 650 #4 - PUNTO DE ACCESO ADICIONAL DE MATERIA--TÉRMINO DE MATERIA |
| Término de materia o nombre geográfico como elemento de entrada |
Regulación del comercio exterior |
| 9 (RLIN) |
8571 |
| 910 ## - DATOS DE OPCIÓN DEL USUARIO (OCLC) |
| Datos de opción del usuario |
Validado. Control de calidad EMS |
| 942 ## - ELEMENTOS DE PUNTO DE ACCESO ADICIONAL (KOHA) |
| Fuente del sistema de clasificación o colocación |
Dewey Decimal Classification |
| Tipo de ítem Koha |
Libro |